000 00533nam a2200169Ia 4500
005 20250923145324.0
008 008 250917s9999 xx 000 0 eng d
037 _aTextual
040 _aDSWL
_beng
_cDSWL
041 _aeng
_2eng
084 _aY:f:g, N70
_qDSWL
245 0 _aEvaluative Research: Strategies and methods
_cby American Institutes for Research
260 _aPittsburgh
_bAmerican Institutes for Research
_c1970
300 _avi,160p.
942 _cTEXL
_hY:f:g, N70
999 _c1449972
_d1449972